| 000 | 00594cam a2200217 4500 | ||
|---|---|---|---|
| 008 | 000000n2001 000 0 eng u | ||
| 020 | _a0421574801 | ||
| 035 | _a(Sirsi) u109090 | ||
| 100 | _aPhillips, O. | ||
| 245 | _aO. Hood Phillips & Jackson : constitutional and administrative law. | ||
| 260 |
_aLondon _bSweet & Maxwell _c2001 |
||
| 300 | _acxxvi, 855p. ; 24cm. | ||
| 350 | _a30.00 | ||
| 650 | _aCONSTITUTIONAL LAW | ||
| 650 | _aLAW | ||
| 650 | _aPARLIAMENTARY PROCEDURE | ||
| 650 | _aHUMAN RIGHTS ACT 1998 | ||
| 700 | _aJackson, P. | ||
| 700 | _aLeopold, P. | ||
| 942 | _n0 | ||
| 999 |
_c100879 _d100879 |
||